| 000 | 01178nam a2200229 i 4500 | ||
|---|---|---|---|
| 001 | 164279 | ||
| 003 | ES-MaACL | ||
| 005 | 20230906212915.0 | ||
| 008 | 050728s1871 sp | |||||||| ||spa d | ||
| 100 | 1 |
_aSagastume, José Ramón. _9132275 |
|
| 245 | 1 | 0 |
_aMemorias descriptivas y analíticas de las aguas sulfurado-sódicas termales y de las cloruradas sódicas bicarbonatadas nitrogenadas de Betelu (Navarra) / _cpor los doctores D. José Ramón Sagastume, D. Manuel Saénz Díez y D. Marceliano Gómez Pamo. |
| 260 |
_aMadrid : _b[s.n.], _c1871 ( _fImp. de la Cía. de Impresores y Libreros, a cargo de A. Avrial) |
||
| 300 |
_a60 p. ; _c20 cm. |
||
| 530 | _aDisponible en formato digital. | ||
| 650 |
_aAguas minerales- _zNavarra (Comunidad Autónoma) _9172337 |
||
| 650 | 4 |
_aBalnearios- _zBetelu (Navarra) _9135664 |
|
| 650 | 4 |
_aFuentes termales- _zNavarra (Comunidad Autónoma) _9172336 |
|
| 700 | 1 |
_aSáenz Díez, Manuel. _9101327 |
|
| 700 | 1 |
_aGómez Pamo, M. _958099 |
|
| 852 |
_aES-MaACL _jT-341-F-11 _z- Enc. hol., falto de cub. original _z- Enc. en un vol. facticio |
||
| 856 |
_uhttp://bdh-rd.bne.es/viewer.vm?id=0000109018&page=1 _zBiblioteca Digital Hispánica |
||
| 999 |
_c164279 _d164279 |
||